[Event "Villa Martelli La Razon-B"]
[Site "Villa Martelli"]
[Date "2012.10.28"]
[Round "6"]
[White "Estrada Nieto, Julian"]
[Black "Fusco, Leonardo"]
[Result "1/2-1/2"]
[WhiteElo "2310"]
[BlackElo "2379"]
[PlyCount "41"]
[EventDate "2012.10.23"]
[EventType "tourn"]
[EventRounds "10"]
[EventCountry "ARG"]
[EventCategory "1"]
[SourceTitle "EXT 2013"]
[Source "ChessBase"]
[SourceDate "2012.11.22"]
[SourceVersion "1"]
[SourceVersionDate "2012.11.22"]
[SourceQuality "1"]

1. e4 c5 2. Nf3 d6 3. Bb5+ Nd7 4. c3 Ngf6 5. Qe2 a6 6. Ba4 Qc7 7. 0-0 c4 8. d4 cxd3 9. Qxd3 b5 10. Bc2 Bb7 11. Qe2 e6 12. a4 bxa4 13. Rxa4 Be7 14. Bg5 h6 15. Bxf6 Bxf6 16. Nbd2 0-0 17. Rd1 Rfd8 18. Nb3 Nb6 19. Raa1 Nc4 20. Bd3 Rac8 21. Ra4 1/2-1/2

[Event "Villa Martelli La Razon-B"]
[Site "Villa Martelli"]
[Date "2012.10.27"]
[Round "5"]
[White "Feliciano Ebert, Vanessa"]
[Black "Fusco, Leonardo"]
[Result "1/2-1/2"]
[WhiteElo "2268"]
[BlackElo "2379"]
[PlyCount "60"]
[EventDate "2012.10.23"]
[EventType "tourn"]
[EventRounds "10"]
[EventCountry "ARG"]
[EventCategory "1"]
[SourceTitle "EXT 2013"]
[Source "ChessBase"]
[SourceDate "2012.11.22"]
[SourceVersion "1"]
[SourceVersionDate "2012.11.22"]
[SourceQuality "1"]

1. d4 d5 2. c4 e5 3. dxe5 d4 4. Nf3 Nc6 5. Nbd2 Nge7 6. Nb3 Nf5 7. a3 Be7 8. g3 a5 9. Bg2 a4 10. Nbd2 Be6 11. 0-0 g5 12. Qc2 g4 13. Ne1 h5 14. Nd3 h4 15. Ne4 hxg3 16. hxg3 Kd7 17. Nec5+ Kc8 18. b4 Qg8 19. Bf4 Bxc5 20. Nxc5 Qh7 21. Rfc1 Qh2+ 22. Kf1 Nh4 23. Qe4 Nxg2 24. Qxg2 Qh7 25. Kg1 Bf5 26. Bg5 b6 27. Qxc6 Qh2+ 28. Kf1 Qh1+ 29. Qxh1 Rxh1+ 30. Kg2 Rxc1 1/2-1/2

[Event "Villa Martelli La Razon-B"]
[Site "Villa Martelli"]
[Date "2012.10.25"]
[Round "3"]
[White "Lujan, Carolina"]
[Black "Fusco, Leonardo"]
[Result "0-1"]
[WhiteElo "2379"]
[BlackElo "2379"]
[PlyCount "118"]
[EventDate "2012.10.23"]
[EventType "tourn"]
[EventRounds "10"]
[EventCountry "ARG"]
[EventCategory "1"]
[SourceTitle "EXT 2013"]
[Source "ChessBase"]
[SourceDate "2012.11.22"]
[SourceVersion "1"]
[SourceVersionDate "2012.11.22"]
[SourceQuality "1"]

1. e4 Nf6 2. e5 Nd5 3. d4 d6 4. Nf3 dxe5 5. Nxe5 c6 6. Be2 Bf5 7. 0-0 Nd7 8. Bg4 Bxg4 9. Qxg4 Nxe5 10. dxe5 e6 11. c4 Nb6 12. Nc3 Qd3 13. Rd1 Qxc4 14. Bf4 h5 15. Qf3 Be7 16. Rac1 Qb4 17. Ne4 Nd5 18. a3 Qxb2 19. Rb1 Qxa3 20. Rb3 Qa4 21. Bg5 0-0 22. Bxe7 Nxe7 23. Rxb7 Ng6 24. Nc5 Qg4 25. Qxg4 hxg4 26. Nd7 Rfd8 27. Rc1 a5 28. g3 a4 29. Nb6 Ra6 30. Nc4 a3 31. h4 a2 32. Ra1 Rd4 33. h5 Rxc4 34. hxg6 fxg6 35. Rb2 Rca4 36. Kg2 g5 37. Rc2 Kf7 38. Kh2 Kg6 39. Kg2 Kf5 40. Re2 Ra3 41. Kh2 c5 42. Rc2 R6a5 43. Kg2 Kxe5 44. Re2+ Kf6 45. Re4 R3a4 46. Re2 Ra3 47. Re4 R5a4 48. Re2 c4 49. Rc2 e5 50. Re2 Kf5 51. Kh2 e4 52. Kg2 Ke5 53. Rc2 Kd4 54. Rd2+ Kc3 55. Re2 Kb3 56. Kf1 c3 57. Ree1 Kb2 58. Rec1 c2 59. Ke2 Rd3 0-1

[Event "Villa Martelli La Razon-B"]
[Site "Villa Martelli"]
[Date "2012.10.24"]
[Round "2"]
[White "Fusco, Leonardo"]
[Black "Maggiolo, Elisa"]
[Result "1-0"]
[WhiteElo "2379"]
[BlackElo "2054"]
[PlyCount "115"]
[EventDate "2012.10.23"]
[EventType "tourn"]
[EventRounds "10"]
[EventCountry "ARG"]
[EventCategory "1"]
[SourceTitle "EXT 2013"]
[Source "ChessBase"]
[SourceDate "2012.11.22"]
[SourceVersion "1"]
[SourceVersionDate "2012.11.22"]
[SourceQuality "1"]

1. Nf3 Nf6 2. c4 g6 3. Nc3 Bg7 4. e4 d6 5. d4 0-0 6. Be2 e5 7. 0-0 Nc6 8. d5 Ne7 9. b4 Ne8 10. c5 Kh8 11. Nd2 f5 12. f3 f4 13. g4 Ng8 14. Nc4 h5 15. gxh5 Bh3 16. Kh1 Bxf1 17. Qxf1 Qh4 18. Bd2 g5 19. Qg2 Qxh5 20. Rg1 Bf6 21. Bf1 Rf7 22. Qh3 Rh7 23. Qxh5 Rxh5 24. Be1 Be7 25. c6 b6 26. Nd1 Nh6 27. Nf2 Nf6 28. Bh3 Nf7 29. Be6 Kg7 30. Ng4 Rah8 31. Rg2 Nxg4 32. Bxg4 R5h7 33. Bf5 Rh5 34. Kg1 Nh6 35. Bd7 Kf6 36. a4 Nf7 37. b5 Bd8 38. Nb2 Rh3 39. Bg4 R8h7 40. Nd1 Rh8 41. Nf2 R3h7 42. Bf5 Nh6 43. Bxh7 Rxh7 44. h3 Kf7 45. Kh2 Be7 46. Nd3 Ke8 47. a5 Nf7 48. Ra2 g4 49. fxg4 Ng5 50. axb6 axb6 51. Ra8+ Bd8 52. h4 Nxe4 53. h5 Ng5 54. Kg2 f3+ 55. Kf1 e4 56. Bh4 Rg7 57. h6 Rg6 58. Nf4 1-0

[Event "American Continental 08th"]
[Site "Mar del Plata"]
[Date "2012.10.14"]
[Round "4"]
[White "Fusco, Leonardo"]
[Black "Paniagua Chnelik, Sebastian"]
[Result "1-0"]
[WhiteElo "2379"]
[BlackElo "2204"]
[PlyCount "81"]
[EventDate "2012.10.12"]
[EventType "swiss"]
[EventRounds "11"]
[EventCountry "ARG"]
[SourceTitle "EXT 2013"]
[Source "ChessBase"]
[SourceDate "2012.11.22"]
[SourceVersion "1"]
[SourceVersionDate "2012.11.22"]
[SourceQuality "1"]

1. e4 e5 2. Nf3 Nc6 3. Bb5 a6 4. Ba4 Nf6 5. 0-0 Be7 6. Re1 b5 7. Bb3 0-0 8. c3 d5 9. exd5 Nxd5 10. Nxe5 Nxe5 11. Rxe5 c6 12. d3 Bd6 13. Re1 Qh4 14. g3 Qh3 15. Re4 Qd7 16. Re1 Qh3 17. Re4 Qd7 18. Nd2 Bb7 19. Re1 c5 20. Ne4 Qc6 21. Qh5 Rae8 22. Bxd5 Qxd5 23. Qxd5 Bxd5 24. Bg5 h6 25. Nxd6 Rxe1+ 26. Rxe1 hxg5 27. Re5 Bxa2 28. Rxc5 Rd8 29. Rc6 a5 30. Kf1 b4 31. Ke2 bxc3 32. bxc3 a4 33. Ra6 Bb1 34. c4 a3 35. c5 a2 36. Kd2 Kf8 37. Kc3 Rd7 38. d4 Rc7 39. Kc4 Ke7 40. Nb5 Rb7 41. Ra5 1-0

[Event "Buenos Aires CAA Ciclo-B"]
[Site "Buenos Aires"]
[Date "2012.05.25"]
[Round "5"]
[White "Spata, German"]
[Black "Fusco, Leonardo"]
[Result "1/2-1/2"]
[WhiteElo "2258"]
[BlackElo "2375"]
[PlyCount "42"]
[EventDate "2012.05.21"]
[EventType "tourn"]
[EventRounds "9"]
[EventCountry "ARG"]
[SourceTitle "EXT 2024"]
[Source "ChessBase"]
[SourceDate "2023.10.10"]
[SourceVersion "1"]
[SourceVersionDate "2023.10.10"]
[SourceQuality "1"]

1. d4 g6 2. Nf3 Bg7 3. g3 d6 4. Bg2 e5 5. dxe5 dxe5 6. Qxd8+ Kxd8 7. Nc3 c6 8. Bg5+ f6 9. Be3 Nh6 10. 0-0-0+ Kc7 11. h3 Be6 12. Kb1 Nd7 13. Bc1 Nf7 14. e4 b5 15. Nh2 Nb6 16. f4 Rad8 17. Rdf1 exf4 18. Bxf4+ Kb7 19. Nf3 Nc4 20. Ne2 Ncd6 21. Nfd4 Bc4 1/2-1/2

[Event "Buenos Aires CAA Ciclo-B"]
[Site "Buenos Aires"]
[Date "2012.05.21"]
[Round "1"]
[White "Perez, Maximiliano"]
[Black "Fusco, Leonardo"]
[Result "1/2-1/2"]
[WhiteElo "2241"]
[BlackElo "2375"]
[PlyCount "48"]
[EventDate "2012.05.21"]
[EventType "tourn"]
[EventRounds "9"]
[EventCountry "ARG"]
[SourceTitle "EXT 2024"]
[Source "ChessBase"]
[SourceDate "2023.10.10"]
[SourceVersion "1"]
[SourceVersionDate "2023.10.10"]
[SourceQuality "1"]

1. e4 c5 2. Nf3 d6 3. d4 cxd4 4. Nxd4 Nf6 5. Nc3 g6 6. Be3 Bg7 7. f3 Nc6 8. Qd2 0-0 9. g4 Be6 10. Nxe6 fxe6 11. 0-0-0 Ne5 12. Be2 Rc8 13. Nb5 Qd7 14. Nxa7 Nc4 15. Bxc4 Rxc4 16. b3 b6 17. bxc4 Qxa7 18. Qb4 Nd7 19. Rd3 Ra8 20. a4 Qxa4 21. Qxa4 Rxa4 22. Rb3 Ne5 23. Kd2 Nxf3+ 24. Ke2 Nd4+ 1/2-1/2

[Event "Buenos Aires CAA Ciclo-A"]
[Site "Buenos Aires"]
[Date "2012.05.17"]
[Round "9"]
[White "Fusco, Leonardo"]
[Black "Spata, German"]
[Result "1-0"]
[WhiteElo "2375"]
[BlackElo "2258"]
[PlyCount "93"]
[EventDate "2012.05.07"]
[EventType "tourn"]
[EventRounds "9"]
[EventCountry "ARG"]
[SourceTitle "EXT 2024"]
[Source "ChessBase"]
[SourceDate "2023.10.10"]
[SourceVersion "1"]
[SourceVersionDate "2023.10.10"]
[SourceQuality "1"]

1. d4 Nf6 2. c4 e6 3. Nc3 Bb4 4. Qc2 c5 5. dxc5 0-0 6. a3 Bxc5 7. Nf3 Be7 8. e4 d6 9. Bf4 Nh5 10. Be3 Nd7 11. Be2 a6 12. 0-0 Qc7 13. g4 Nhf6 14. g5 Ne8 15. Nd4 Ne5 16. b3 Nc6 17. Qd2 Qd8 18. Nc2 g6 19. f4 Ng7 20. Rad1 f5 21. gxf6 Bxf6 22. Na4 e5 23. Nb6 Bh3 24. Nxa8 Bxf1 25. Rxf1 Qxa8 26. Qxd6 exf4 27. Rxf4 Be7 28. Qd5+ Kh8 29. Rxf8+ Qxf8 30. b4 Nd8 31. Bd4 Nc6 32. Be3 Bf6 33. b5 Nd8 34. bxa6 bxa6 35. c5 Nde6 36. Bg4 Qb8 37. Nb4 a5 38. Bxe6 axb4 39. axb4 Be5 40. Bd4 Bxd4+ 41. Qxd4 h5 42. c6 Qf4 43. Qc3 Qg5+ 44. Kh1 Qf4 45. Bh3 Qxe4+ 46. Kg1 Qb1+ 47. Bf1 1-0

[Event "Mar del Plata op 43rd"]
[Site "Mar del Plata"]
[Date "2012.04.01"]
[Round "3"]
[White "Giampa, Alejandro"]
[Black "Fusco, Leonardo"]
[Result "1/2-1/2"]
[WhiteElo "2210"]
[BlackElo "2391"]
[PlyCount "36"]
[EventDate "2012.03.31"]
[EventType "swiss"]
[EventRounds "9"]
[EventCountry "ARG"]
[SourceTitle "CBM 147 Extra"]
[Source "ChessBase"]
[SourceDate "2012.04.24"]
[SourceVersion "1"]
[SourceVersionDate "2012.04.24"]
[SourceQuality "1"]

1. d4 g6 2. c3 Bg7 3. e4 d6 4. Bg5 h6 5. Bh4 Nf6 6. Nd2 e5 7. dxe5 dxe5 8. Ngf3 Nbd7 9. Bc4 0-0 10. 0-0 Qe8 11. a4 a5 12. Re1 Nc5 13. Qc2 Bd7 14. Bg3 Nh5 15. Nf1 Nxg3 16. hxg3 h5 17. N3d2 Bh6 18. Ne3 Bxe3 1/2-1/2

[Event "Villa Ballester Verano op 62nd"]
[Site "Villa Ballester"]
[Date "2012.01.25"]
[Round "6"]
[White "Fusco, Leonardo"]
[Black "Cavadini, Ignacio"]
[Result "1-0"]
[WhiteElo "2387"]
[BlackElo "2050"]
[PlyCount "49"]
[EventDate "2012.01.19"]
[EventType "swiss"]
[EventRounds "9"]
[EventCountry "ARG"]
[SourceTitle "EXT 2013"]
[Source "ChessBase"]
[SourceDate "2012.11.22"]
[SourceVersion "1"]
[SourceVersionDate "2012.11.22"]
[SourceQuality "1"]

1. e4 g6 2. d4 Bg7 3. Nc3 d6 4. f4 e6 5. Nf3 Ne7 6. Bd3 b6 7. 0-0 Nd7 8. f5 exf5 9. exf5 Nf6 10. fxg6 hxg6 11. Bg5 0-0 12. h3 Bb7 13. Qe1 Re8 14. Qh4 Nh7 15. Rae1 f6 16. Bd2 d5 17. Ne2 Bc8 18. Nf4 Nf8 19. Rxe7 Rxe7 20. Nxg6 Re4 21. Bxe4 dxe4 22. Qxe4 Bd7 23. Ne7+ Kh8 24. Nh4 f5 25. Nhxf5 1-0

[Event "Mario Covas 10th"]
[Site "Santos"]
[Date "2011.12.02"]
[Round "9"]
[White "Barbosa, Evandro Amorim"]
[Black "Fusco, Leonardo"]
[Result "1/2-1/2"]
[WhiteElo "2412"]
[BlackElo "2383"]
[PlyCount "47"]
[EventDate "2011.11.26"]
[EventType "tourn"]
[EventRounds "9"]
[EventCountry "BRA"]
[EventCategory "9"]
[SourceTitle "CBM 145 Extra"]
[Source "ChessBase"]
[SourceDate "2012.01.03"]
[SourceVersion "1"]
[SourceVersionDate "2012.01.03"]
[SourceQuality "1"]

1. e4 c5 2. Nf3 d6 3. d4 Nf6 4. Nc3 cxd4 5. Nxd4 a6 6. Bg5 e6 7. f4 Nbd7 8. Qf3 Qc7 9. 0-0-0 b5 10. e5 Bb7 11. Qh3 dxe5 12. Nxe6 fxe6 13. Qxe6+ Be7 14. Bxb5 axb5 15. Nxb5 Qc6 16. Nd6+ Kd8 17. Ne4 Kc7 18. Qxe7 Rxa2 19. Bxf6 Ra1+ 20. Kd2 Qd5+ 21. Kc3 Qa5+ 22. Kd3 Qd5+ 23. Kc3 Qa5+ 24. Kd3 1/2-1/2

[Event "Mario Covas 10th"]
[Site "Santos"]
[Date "2011.11.29"]
[Round "5"]
[White "Mekhitarian, Krikor Sevag"]
[Black "Fusco, Leonardo"]
[Result "1-0"]
[WhiteElo "2487"]
[BlackElo "2383"]
[PlyCount "77"]
[EventDate "2011.11.26"]
[EventType "tourn"]
[EventRounds "9"]
[EventCountry "BRA"]
[EventCategory "9"]
[SourceTitle "CBM 145 Extra"]
[Source "ChessBase"]
[SourceDate "2012.01.03"]
[SourceVersion "1"]
[SourceVersionDate "2012.01.03"]
[SourceQuality "1"]

1. Nf3 Nf6 2. c4 g6 3. Nc3 Bg7 4. d4 d5 5. cxd5 Nxd5 6. g3 0-0 7. Bg2 Nxc3 8. bxc3 c5 9. 0-0 Nc6 10. d5 Ne5 11. Nxe5 Bxe5 12. Bh6 Bg7 13. Bxg7 Kxg7 14. Qb3 Qd6 15. Rad1 Rb8 16. e4 e5 17. dxe6 Qxe6 18. Qa3 Qe7 19. Qxa7 Be6 20. e5 Ra8 21. Qxb7 Qxb7 22. Bxb7 Rxa2 23. Bd5 Bxd5 24. Rxd5 Rb8 25. Rxc5 Rbb2 26. e6 fxe6 27. Rc7+ Kf6 28. Rxh7 Rc2 29. Rh8 Rxc3 30. Rd1 Rc5 31. Rd7 Rf5 32. Rf8+ Kg5 33. h4+ Kg4 34. Rxf5 exf5 35. Kg2 Rb2 36. Rg7 f4 37. Rxg6+ Kf5 38. Rg5+ Kf6 39. Kf3 1-0

[Event "Mario Covas 10th"]
[Site "Santos"]
[Date "2011.11.27"]
[Round "3"]
[White "Fusco, Leonardo"]
[Black "Leitao, Rafael Duailibe"]
[Result "1/2-1/2"]
[WhiteElo "2383"]
[BlackElo "2626"]
[PlyCount "95"]
[EventDate "2011.11.26"]
[EventType "tourn"]
[EventRounds "9"]
[EventCountry "BRA"]
[EventCategory "9"]
[SourceTitle "CBM 145 Extra"]
[Source "ChessBase"]
[SourceDate "2012.01.03"]
[SourceVersion "1"]
[SourceVersionDate "2012.01.03"]
[SourceQuality "1"]

1. e4 c5 2. Nf3 d6 3. d4 cxd4 4. Nxd4 Nf6 5. Nc3 a6 6. Bg5 e6 7. f4 Be7 8. Qf3 h6 9. Bh4 Qc7 10. 0-0-0 Nbd7 11. Bg3 0-0 12. Bd3 Nc5 13. Rhe1 b5 14. e5 Bb7 15. exf6 Bxf3 16. fxe7 Bxd1 17. exf8Q+ Rxf8 18. Rxd1 b4 19. Ne4 Nxd3+ 20. Rxd3 Rc8 21. Rd2 f5 22. Nf2 e5 23. fxe5 dxe5 24. Nxf5 Qf7 25. Nd6 Qxa2 26. Rd3 Rf8 27. b3 Qa1+ 28. Kd2 Qf1 29. Nde4 Qxg2 30. Kc1 Rf5 31. Kb2 Kh7 32. Rd6 Qf1 33. Nd2 Qb5 34. Nfe4 a5 35. Re6 a4 36. bxa4 Qxa4 37. Bxe5 Rf7 38. Bd4 Qd7 39. Rd6 Qh3 40. Be5 Re7 41. Bg3 Qf5 42. Rd4 Qa5 43. Nb3 Qa3+ 44. Kb1 Ra7 45. Bd6 Rb7 46. Nec5 Rf7 47. Nd3 Rf1+ 48. Ndc1 1/2-1/2

[Event "Mario Covas 10th"]
[Site "Santos"]
[Date "2011.11.27"]
[Round "2"]
[White "Molina, Roberto Junio Brito"]
[Black "Fusco, Leonardo"]
[Result "1/2-1/2"]
[WhiteElo "2418"]
[BlackElo "2383"]
[PlyCount "52"]
[EventDate "2011.11.26"]
[EventType "tourn"]
[EventRounds "9"]
[EventCountry "BRA"]
[EventCategory "9"]
[SourceTitle "CBM 145 Extra"]
[Source "ChessBase"]
[SourceDate "2012.01.03"]
[SourceVersion "1"]
[SourceVersionDate "2012.01.03"]
[SourceQuality "1"]

1. d4 Nf6 2. c4 g6 3. Nc3 d5 4. cxd5 Nxd5 5. e4 Nxc3 6. bxc3 Bg7 7. Bc4 c5 8. Ne2 Nc6 9. Be3 0-0 10. 0-0 b6 11. Rc1 Bb7 12. Qd2 Rc8 13. Rfd1 Na5 14. Bd3 cxd4 15. cxd4 Qd7 16. Bh6 Rxc1 17. Rxc1 Rc8 18. Rxc8+ Bxc8 19. Bxg7 Kxg7 20. Qc3 Qc6 21. f3 Qxc3 22. Nxc3 Nc6 23. d5 Nb4 24. Bb1 Bd7 25. Kf2 e5 26. Ke3 f6 1/2-1/2

[Event "Mario Covas 10th"]
[Site "Santos"]
[Date "2011.11.26"]
[Round "1"]
[White "Fusco, Leonardo"]
[Black "Milos, Gilberto"]
[Result "0-1"]
[WhiteElo "2383"]
[BlackElo "2597"]
[PlyCount "51"]
[EventDate "2011.11.26"]
[EventType "tourn"]
[EventRounds "9"]
[EventCountry "BRA"]
[EventCategory "9"]
[SourceTitle "CBM 145 Extra"]
[Source "ChessBase"]
[SourceDate "2012.01.03"]
[SourceVersion "1"]
[SourceVersionDate "2012.01.03"]
[SourceQuality "1"]

1. e4 c5 2. Nf3 d6 3. d4 Nf6 4. Nc3 cxd4 5. Nxd4 g6 6. Be3 Bg7 7. f3 Nc6 8. Qd2 0-0 9. Bc4 Bd7 10. 0-0-0 Rc8 11. Bb3 Ne5 12. Kb1 a6 13. h4 h5 14. Bg5 Nc4 15. Bxc4 Rxc4 16. Nde2 Rc5 17. Bh6 Bxh6 18. Qxh6 Qc7 19. g4 Rc8 20. gxh5 Rxh5 21. Qd2 Rc5 22. h5 g5 23. Nd5 Nxd5 24. Qxg5+ Kh7 25. Rxd5 Rxd5 26. exd5 0-1

[Event "Latin Cup"]
[Site "Montevideo"]
[Date "2011.11.07"]
[Round "8"]
[White "Zambrana, Oswaldo"]
[Black "Fusco, Leonardo"]
[Result "1/2-1/2"]
[WhiteElo "2502"]
[BlackElo "2383"]
[PlyCount "120"]
[EventDate "2011.11.01"]
[EventType "swiss"]
[EventRounds "9"]
[EventCountry "URU"]
[SourceTitle "EXT 2012"]
[Source "ChessBase"]
[SourceDate "2011.11.24"]
[SourceVersion "1"]
[SourceVersionDate "2011.11.24"]
[SourceQuality "1"]

1. e4 c5 2. Nf3 d6 3. d4 cxd4 4. Nxd4 Nf6 5. Nc3 a6 6. Bg5 e6 7. Qe2 Qc7 8. f4 Nc6 9. 0-0-0 Nxd4 10. Rxd4 Be7 11. g3 0-0 12. Bg2 Bd7 13. Rhd1 Bc6 14. Kb1 Rfd8 15. e5 dxe5 16. fxe5 Rxd4 17. Rxd4 Nd5 18. Nxd5 Bxd5 19. Bxe7 Bxg2 20. Bd6 Qc6 21. Rc4 Qf3 22. Qxf3 Bxf3 23. Rc7 h6 24. c4 g5 25. Kc2 Kg7 26. Kd3 Kg6 27. Ke3 Bc6 28. b4 h5 29. a4 h4 30. gxh4 Rh8 31. b5 axb5 32. axb5 Bh1 33. hxg5 Rxh2 34. Kd4 Rc2 35. Kc5 Bd5 36. Kb4 Bf3 37. Ka5 Rc1 38. Kb6 Be4 39. c5 Rb1 40. Be7 Bf3 41. Rc8 Kf5 42. Rf8 Kxe5 43. Rxf7 Be4 44. Bd6+ Kd5 45. Rxb7 Kc4 46. Ra7 Rxb5+ 47. Kc7 Kd5 48. Kd7 e5 49. c6 Bf5+ 50. Kc7 e4 51. Ra8 e3 52. Re8 Be6 53. g6 e2 54. Bg3 Rc5 55. Rd8+ Kc4 56. Rd6 Bh3 57. Rd2 Rg5 58. Be1 Rxg6 59. Rxe2 Bg2 60. Rc2+ Kd3 1/2-1/2

[Event "Latin Cup"]
[Site "Montevideo"]
[Date "2011.11.03"]
[Round "3"]
[White "Fusco, Leonardo"]
[Black "Arcos Facio, Mateo"]
[Result "1/2-1/2"]
[WhiteElo "2383"]
[BlackElo "2148"]
[PlyCount "135"]
[EventDate "2011.11.01"]
[EventType "swiss"]
[EventRounds "9"]
[EventCountry "URU"]
[SourceTitle "EXT 2012"]
[Source "ChessBase"]
[SourceDate "2011.11.24"]
[SourceVersion "1"]
[SourceVersionDate "2011.11.24"]
[SourceQuality "1"]

1. Nf3 g6 2. e4 Bg7 3. d4 d6 4. Bc4 e6 5. Qe2 Nd7 6. a4 Ne7 7. 0-0 0-0 8. Nc3 Nc6 9. Rd1 e5 10. Bg5 Bf6 11. Bxf6 Qxf6 12. Nd5 Qd8 13. Qe3 Kg7 14. a5 a6 15. dxe5 Ndxe5 16. Nxe5 Nxe5 17. f4 Nxc4 18. Qc3+ f6 19. Qxc4 Rf7 20. e5 Be6 21. Qc3 Bxd5 22. Rxd5 Qd7 23. exd6 cxd6 24. Rad1 Rc8 25. Qb3 Qg4 26. f5 Qe4 27. c3 Qe3+ 28. Kh1 Re8 29. Qb6 Rfe7 30. Qxe3 Rxe3 31. Kg1 Re2 32. R1d2 gxf5 33. Rxd6 R2e5 34. Rd7+ Kg6 35. Rxb7 Rxa5 36. Rdd7 Re2 37. Rg7+ Kh6 38. Rxh7+ Kg5 39. h4+ Kg4 40. Rhg7+ Kxh4 41. Rg6 f4 42. Rxf6 Kg5 43. Rf8 Rb5 44. Rg7+ Kh6 45. Rg4 Rg5 46. Rh8+ Kg7 47. Rxg5+ Kxh8 48. b4 Rc2 49. Rc5 Kg7 50. Rc6 Kf7 51. Kf1 Ke7 52. Ke1 a5 53. bxa5 Rxg2 54. Rc4 Ra2 55. Rxf4 Rxa5 56. Rd4 Ra8 57. Kd2 Rd8 58. Rxd8 Kxd8 59. Kd3 Kd7 60. Kd4 Kd6 61. c4 Ke6 62. c5 Ke7 63. Kd5 Kd7 64. c6+ Kc7 65. Kc5 Kc8 66. Kd6 Kd8 67. c7+ Kc8 68. Kc6 1/2-1/2

[Event "Latin Cup"]
[Site "Montevideo"]
[Date "2011.11.01"]
[Round "1"]
[White "Fusco, Leonardo"]
[Black "Davila Texeira, Mario"]
[Result "1-0"]
[WhiteElo "2383"]
[BlackElo "1896"]
[PlyCount "55"]
[EventDate "2011.11.01"]
[EventType "swiss"]
[EventRounds "9"]
[EventCountry "URU"]
[SourceTitle "EXT 2012"]
[Source "ChessBase"]
[SourceDate "2011.11.24"]
[SourceVersion "1"]
[SourceVersionDate "2011.11.24"]
[SourceQuality "1"]

1. e4 e5 2. Nf3 Nc6 3. Bb5 a6 4. Bxc6 dxc6 5. Nc3 f6 6. d4 exd4 7. Nxd4 c5 8. Nde2 Qxd1+ 9. Nxd1 Be6 10. h4 0-0-0 11. h5 Bd6 12. Bf4 Ne7 13. Ne3 Nc6 14. Bxd6 Rxd6 15. Nf4 Bf7 16. Nf5 Rd7 17. Nxg7 Nd4 18. 0-0-0 Bxa2 19. h6 Bf7 20. Ngh5 Rd6 21. c3 Nb3+ 22. Kc2 Rb6 23. Nd5 Bxd5 24. Rxd5 c4 25. Rh4 Re6 26. f3 c6 27. Rf5 Rf8 28. g4 1-0

[Event "Buenos Aires Duchamp op 1st"]
[Site "Buenos Aires"]
[Date "2011.09.13"]
[Round "2"]
[White "Fell, Sebastian"]
[Black "Fusco, Leonardo"]
[Result "0-1"]
[WhiteElo "2147"]
[BlackElo "2392"]
[PlyCount "77"]
[EventDate "2011.09.12"]
[EventType "swiss"]
[EventRounds "9"]
[EventCountry "ARG"]
[SourceTitle "EXT 2014"]
[Source "ChessBase"]
[SourceDate "2013.11.20"]
[SourceVersion "1"]
[SourceVersionDate "2013.11.20"]
[SourceQuality "1"]

1. e4 e5 2. Nf3 Nc6 3. Bc4 Nf6 4. d4 exd4 5. Ng5 Ne5 6. Bb3 h6 7. f4 hxg5 8. fxe5 Nxe4 9. Qxd4 Nc5 10. Nc3 d6 11. 0-0 Nxb3 12. axb3 Be6 13. Ne4 dxe5 14. Qxe5 Qd5 15. Qxd5 Bxd5 16. Re1 0-0-0 17. Bxg5 f6 18. Bf4 a6 19. Rad1 Bf7 20. Rxd8+ Kxd8 21. Rd1+ Kc8 22. Kf2 Rh5 23. g4 Ra5 24. Be3 Bg6 25. Rd4 c5 26. Rc4 b5 27. Rxc5+ Bxc5 28. Nxc5 Bxc2 29. Bd4 Ra1 30. Ne6 Rd1 31. Bc3 Rd7 32. h4 Bd1 33. g5 fxg5 34. hxg5 g6 35. Nc5 Rd5 36. Nxa6 Rxg5 37. b4 Kb7 38. Nc5+ Kc6 39. Ne6 0-1

[Event "Villa Martelli Republica 15th"]
[Site "Villa Martelli"]
[Date "2011.08.07"]
[Round "7"]
[White "Fusco, Leonardo"]
[Black "Valerga, Diego"]
[Result "1/2-1/2"]
[WhiteElo "2389"]
[BlackElo "2490"]
[PlyCount "91"]
[EventDate "2011.08.01"]
[EventType "tourn"]
[EventRounds "9"]
[EventCountry "ARG"]
[EventCategory "7"]
[SourceTitle "CBM 143 Extra"]
[Source "ChessBase"]
[SourceDate "2011.08.29"]
[SourceVersion "1"]
[SourceVersionDate "2011.08.29"]
[SourceQuality "1"]

1. e4 c5 2. Nf3 Nc6 3. d4 cxd4 4. Nxd4 Qb6 5. Nb3 Nf6 6. Nc3 e6 7. Be3 Qc7 8. Qd2 a6 9. f3 b5 10. 0-0-0 Ne5 11. Kb1 Rb8 12. Qd4 d6 13. Qa7 Qxa7 14. Bxa7 Rb7 15. Bf2 Bd7 16. a4 Be7 17. Nd4 0-0 18. axb5 axb5 19. Ncxb5 Rc8 20. Nxd6 Bxd6 21. Ba6 Rcb8 22. Bxb7 Rxb7 23. Nb3 Bf8 24. Nc5 Rc7 25. Nxd7 Nfxd7 26. Bg3 g5 27. Rxd7 Rxd7 28. Bxe5 Rd2 29. g3 Be7 30. c3 f6 31. Bd4 Kf7 32. h4 e5 33. Bb6 g4 34. fxg4 Re2 35. g5 Rxe4 36. gxf6 Bxf6 37. Rf1 Ke6 38. Rf3 Rg4 39. Bf2 e4 40. Re3 Bd8 41. Re2 Bc7 42. c4 Kf5 43. c5 Bxg3 44. Bxg3 Rxg3 45. c6 Rg1+ 46. Kc2 1/2-1/2

[Event "Villa Martelli Republica 15th"]
[Site "Villa Martelli"]
[Date "2011.08.05"]
[Round "5"]
[White "Fusco, Leonardo"]
[Black "Molina, Roberto Junio Brito"]
[Result "1/2-1/2"]
[WhiteElo "2389"]
[BlackElo "2413"]
[PlyCount "20"]
[EventDate "2011.08.01"]
[EventType "tourn"]
[EventRounds "9"]
[EventCountry "ARG"]
[EventCategory "7"]
[SourceTitle "CBM 143 Extra"]
[Source "ChessBase"]
[SourceDate "2011.08.29"]
[SourceVersion "1"]
[SourceVersionDate "2011.08.29"]
[SourceQuality "1"]

1. e4 e5 2. Nf3 Nc6 3. Nc3 Nf6 4. d4 exd4 5. Nxd4 Bb4 6. Nxc6 bxc6 7. Bd3 d5 8. exd5 cxd5 9. 0-0 0-0 10. Bg5 Be7 1/2-1/2

[Event "Villa Martelli Republica 15th"]
[Site "Villa Martelli"]
[Date "2011.08.03"]
[Round "3"]
[White "Fusco, Leonardo"]
[Black "Larrea, Manuel"]
[Result "1-0"]
[WhiteElo "2389"]
[BlackElo "2353"]
[PlyCount "79"]
[EventDate "2011.08.01"]
[EventType "tourn"]
[EventRounds "9"]
[EventCountry "ARG"]
[EventCategory "7"]
[SourceTitle "CBM 143 Extra"]
[Source "ChessBase"]
[SourceDate "2011.08.29"]
[SourceVersion "1"]
[SourceVersionDate "2011.08.29"]
[SourceQuality "1"]

1. e4 c5 2. Nf3 Nc6 3. d4 cxd4 4. Nxd4 Nf6 5. Nc3 e5 6. Ndb5 d6 7. Bg5 a6 8. Na3 Be6 9. Nc4 Rc8 10. Ne3 Be7 11. Bxf6 Bxf6 12. Ncd5 Bg5 13. c3 0-0 14. Bd3 Bxe3 15. Nxe3 Ne7 16. 0-0 g6 17. Qe2 f5 18. exf5 gxf5 19. f4 Qb6 20. Kh1 e4 21. Bb1 Nd5 22. Nxd5 Bxd5 23. a3 Rf7 24. Ba2 Bxa2 25. Rxa2 d5 26. Raa1 d4 27. cxd4 Rfc7 28. Rg1 Rc2 29. Qe3 Kh8 30. Rad1 Rxb2 31. Qh3 Qf6 32. d5 Rbc2 33. d6 R2c3 34. d7 Rd8 35. Qh5 Rd3 36. Qe8+ Kg7 37. Rxd3 exd3 38. Rd1 Qf8 39. Qe5+ Qf6 40. Qd5 1-0